Modern power systems (Record no. 10986)

000 -LEADER
fixed length control field 00577nam a2200205 4500
001 - CONTROL NUMBER
control field 10986
003 - CONTROL NUMBER IDENTIFIER
control field BD-DhUET
008 - FIXED-LENGTH DATA ELEMENTS--GENERAL INFORMATION
fixed length control field 710617s1971 paua 001 0 eng
020 ## - INTERNATIONAL STANDARD BOOK NUMBER
International Standard Book Number 0700222898
040 ## - CATALOGING SOURCE
Original cataloging agency DLC
Transcribing agency DLC
Modifying agency BD-DhUET
082 00 - DEWEY DECIMAL CLASSIFICATION NUMBER
Classification number 623.191
Item number NEU/1971
100 1# - MAIN ENTRY--PERSONAL NAME
Personal name Neuenswander, John R.
245 10 - TITLE STATEMENT
Title Modern power systems
250 ## - EDITION STATEMENT
Edition statement 1st ed.
260 ## - PUBLICATION, DISTRIBUTION, ETC. (IMPRINT)
Place of publication, distribution, etc. New York
Name of publisher, distributor, etc. International Textbook
Date of publication, distribution, etc. 1971
300 ## - PHYSICAL DESCRIPTION
Extent xii, 411 p.
Other physical details illus.
Dimensions 24 cm.
490 0# - SERIES STATEMENT
Series statement The International series in electrical engineering
650 #0 - SUBJECT ADDED ENTRY--TOPICAL TERM
Topical term or geographic name as entry element Transmission Electrical power
942 ## - ADDED ENTRY ELEMENTS (KOHA)
Koha item type General Book
Holdings
Withdrawn status Koha date last seen Price effective from Sublocation or collection (holding branch) Shelving location Lost status Source of classification or shelving scheme Koha full call number Koha item type Copy number Koha normalized classification for sorting Not for loan Date acquired Damaged status Location (home branch) Piece designation (barcode)
 2015-02-122015-02-12Central Library, BUETCirculation section  623.191/NEU/1971General Book1623_191000000000000_NEU_1971 2015-02-12 Central Library, BUET49566
 2015-02-122015-02-12Central Library, BUETCirculation section  623.191/NEU/1971General Book2623_191000000000000_NEU_1971 2015-02-12 Central Library, BUET49305
 2015-02-122015-02-12Central Library, BUETCirculation section  623.191/NEU/1971General Book3623_191000000000000_NEU_1971 2015-02-12 Central Library, BUET49567
 2015-02-122015-02-12Central Library, BUETCirculation section  623.191/NEU/1971General Book4623_191000000000000_NEU_1971 2015-02-12 Central Library, BUET49569
 2015-02-262015-02-26Central Library, BUETCirculation section  623.191/NEU/1971General Book5623_191000000000000_NEU_1971 2015-02-26 Central Library, BUET42088
 2015-02-262015-02-26Central Library, BUETCirculation section  623.191/NEU/1971General Book6623_191000000000000_NEU_1971 2015-02-26 Central Library, BUET42089
 2015-06-032015-06-03Central Library, BUETCirculation section  623.191/NEU/1971General Book7623_191000000000000_NEU_1971 2015-06-03 Central Library, BUET49568